000 00671nam a22002051 4500
001 142357
003 ES-MaACL
005 20230906200513.0
007 t|
008 071004s1968 sp ||||0| spa d
080 _a619-091.5:636.3
100 1 _aWinter, Hans.
_9117113
245 1 0 _aGuía para la necropsia de los rumiantes domésticos /
_cHans Winter ; traducido por Narciso L. Murillo-Ferrol y Salvador Climent Peris.
260 _aZaragoza :
_bAcribia,
_c[1968]
300 _a118 p. :
_bil ;
_c24 cm.
650 _aRumiantes.
_916954
700 1 _aCliment Peris, Salvador.
_939263
700 1 _aMurillo Ferrol, Narciso L.
_984592
852 4 _aES-MaACL
_jC-45562
999 _c142357
_d142357